15 municipios de asturias por poblacion - Estadísticas

Estadísticas generales
  • Esta prueba ha sido intentada 186 veces
  • La puntuación promedio es 9 de 15
Estadísticas de respuestas
Hint Respuesta % Correcto
268 313 gijon
100%
217 584 oviedo
100%
75 518 aviles
94%
36 195 mieres
79%
13 524 llanes
78%
37 978 langreo
65%
52 194 siero
64%
15 000 villaviciosa
54%
13 948 llanera
44%
22 103 castrillon
40%
10 958 valdes
38%
11 596 Cangas del narcea
35%
12 355 laviana
35%
22 103 san martin del rey aurelio
29%
15 612 corvera de asturias
16%
No se encontraron pruebas coincidentes
Distribución de puntuación
Porcentaje de gente con cada puntuación
Porcentaje por número respondido
Historial de tus puntuaciones
No has intentado esta prueba.